000 00644nam a2200193Ia 4500
003 IN-BaIIA
008 211028s9999 xx 000 0 eng d
020 _a3-540-51164-4
040 _cIIA Library
080 _a048.1:52
_b88-46
100 _aEsser, U.
_99455
245 0 _aAstronomy and astrophysics abstracts
_bvol .46, pt.2, 1988
_cU. Esser
260 _aBerlin
_bLange Springer
_c1989
300 _ax,1298p
650 _aAbstracts-Astronomy and Astrophysics
_96051
650 _aAstronomy and Astrophysics Abstracts
_96052
650 _aAstronomy and Astrophysics Thesaurus
942 _cBK
999 _c9578
_d9578